[Event "Gausdal Classics 2008 GM-B"]
[Site "Gausdal NOR"]
[Date "2008.04.11"]
[Round "4.6"]
[White "Cox, John J"]
[Black "Levin, Felix"]
[Result "0-1"]
[WhiteElo "2380"]
[BlackElo "2546"]
[PlyCount "120"]
[EventDate "2008.04.08"]
[EventType "swiss"]
[EventRounds "9"]
[EventCountry "NOR"]
[Source "lmi"]
[SourceDate "2008.04.08"]

1. Nf3 d5 2. d4 Nf6 3. c4 c6 4. e3 e6 5. Nbd2 Nbd7 6. Bd3 Be7 7. O-O O-O 8. b3
b6 9. Bb2 Bb7 10. Qe2 c5 11. Rad1 Qc7 12. Ne5 cxd4 13. exd4 dxc4 14. Ndxc4 Nd5
15. Nxd7 Qxd7 16. Ne5 Qd6 17. Qh5 g6 18. Qh6 Bf6 19. Rfe1 Bg7 20. Qh4 Rac8 21.
Bc4 a6 22. a4 Qd8 23. Qg3 Nc7 24. Ba3 Re8 25. Qf4 f6 26. Ng4 Nd5 27. Nh6+ Bxh6
28. Qxh6 Qd7 29. Bb2 b5 30. axb5 axb5 31. Bd3 Ra8 32. Qd2 b4 33. Rc1 Qd6 34. f3
Qf4 35. Qf2 Qd6 36. Rc5 Nf4 37. Bb5 Red8 38. Rec1 Ra2 39. R1c2 Bd5 40. Qe3 g5
41. Bf1 Kg7 42. g3 Ng6 43. Bc4 Ne7 44. Qe1 Bxc4 45. R5xc4 Rb8 46. Re2 Ra6 47.
Qb1 Nd5 48. Qe4 Rd8 49. Kg2 h6 50. h4 f5 51. Qe5+ Qxe5 52. Rxe5 gxh4 53. Bc1
hxg3 54. Kxg3 Kh7 55. Bd2 Ra2 56. Re2 Ra6 57. Bxb4 Rg8+ 58. Kh2 Rb8 59. Bd2
Rxb3 60. Kg3 Rb2 0-1

[Event "Gausdal Classics 2008 GM-B"]
[Site "Gausdal NOR"]
[Date "2008.04.11"]
[Round "4.7"]
[White "Rotstein, Arkadij"]
[Black "Welling, Gerard"]
[Result "1/2-1/2"]
[WhiteElo "2528"]
[BlackElo "2378"]
[PlyCount "122"]
[EventDate "2008.04.08"]
[EventType "swiss"]
[EventRounds "9"]
[EventCountry "NOR"]
[Source "lmi"]
[SourceDate "2008.04.08"]

1. d4 Nf6 2. Nf3 e6 3. g3 b6 4. Bg2 Bb7 5. O-O Be7 6. Bg5 c5 7. c3 O-O 8. Nbd2
d5 9. Ne5 Nbd7 10. f4 cxd4 11. cxd4 Ne4 12. Bxe7 Qxe7 13. Nxe4 dxe4 14. Rc1 f6
15. Nc6 Qd6 16. Bxe4 Kh8 17. d5 Nc5 18. Bf3 exd5 19. Qxd5 Rfd8 20. Rfd1 Qxd5
21. Rxd5 Bxc6 22. Rxd8+ Rxd8 23. Bxc6 a5 24. a3 Rd2 25. b4 axb4 26. axb4 Nb3
27. Rc4 g6 28. Kf2 f5 29. Ke3 Rb2 30. Bd5 Nd2 31. Rc8+ Kg7 32. Rc7+ Kh8 33. Kd4
Rxb4+ 34. Ke5 Ne4 35. g4 Nf2 36. gxf5 Ng4+ 37. Ke6 Rxf4 38. h3 Ne3 39. fxg6
hxg6 40. Bf3 b5 41. Rb7 Nc2 42. Bg4 Ne3 43. Ke5 Rf8 44. Be6 Nc4+ 45. Kd4 Rd8+
46. Bd5 Nd6 47. Rb6 Nf5+ 48. Kc5 Rc8+ 49. Kb4 Re8 50. e4 Ng3 51. Rxg6 Nxe4 52.
Bc6 Re5 53. Bxb5 Rh5 54. Bd7 Rh4 55. Kb5 Nf2 56. Rg3 Ne4 57. Re3 Kg7 58. Kc6
Rf4 59. Bg4 Nf6 60. Be6 Kh6 61. Kd6 Rd4+ 1/2-1/2

[Event "Gausdal Classics 2008 GM-B"]
[Site "Gausdal NOR"]
[Date "2008.04.11"]
[Round "4.8"]
[White "Saltaev, Mihail"]
[Black "Hirneise, Tobias"]
[Result "1/2-1/2"]
[WhiteElo "2500"]
[BlackElo "2382"]
[PlyCount "43"]
[EventDate "2008.04.08"]
[EventType "swiss"]
[EventRounds "9"]
[EventCountry "NOR"]
[Source "lmi"]
[SourceDate "2008.04.08"]

1. e4 e5 2. Nf3 Nc6 3. Bc4 Nf6 4. d3 Bc5 5. c3 d6 6. O-O Bb6 7. a4 h6 8. b4 a5
9. Qb3 Qe7 10. Be3 Bg4 11. Nbd2 Nd7 12. h3 Bh5 13. b5 Nd8 14. d4 O-O 15. Rfe1
Kh8 16. Bd3 Ne6 17. g4 Bg6 18. Nc4 Qf6 19. Qd1 Nf4 20. Bxf4 Qxf4 21. Nh4 Qf6
22. Nf3 1/2-1/2

[Event "Gausdal Classics 2008 GM-B"]
[Site "Gausdal NOR"]
[Date "2008.04.11"]
[Round "4.9"]
[White "Vidonyak, Roman"]
[Black "Bromberger, Stefan"]
[Result "1/2-1/2"]
[WhiteElo "2400"]
[BlackElo "2487"]
[PlyCount "86"]
[EventDate "2008.04.08"]
[EventType "swiss"]
[EventRounds "9"]
[EventCountry "NOR"]
[Source "lmi"]
[SourceDate "2008.04.08"]

1. e4 c5 2. Nc3 Nc6 3. f4 e6 4. Nf3 d5 5. Bb5 Nge7 6. exd5 Nxd5 7. Ne5 Nxc3 8.
dxc3 Qxd1+ 9. Kxd1 Bd7 10. Bxc6 bxc6 11. c4 Rd8 12. Be3 f6 13. Nxd7 Rxd7+ 14.
Ke2 h5 15. Rhd1 h4 16. h3 Be7 17. Rd3 Rxd3 18. cxd3 Kd7 19. a3 Rb8 20. b4 f5
21. Ra2 cxb4 22. axb4 Rxb4 23. Rxa7+ Kd8 24. Ra8+ Kd7 25. Ra7+ Kd8 26. Bd4 Bf6
27. Ke3 c5 28. Bxc5 Rb2 29. Kf3 Rd2 30. Ra3 g5 31. fxg5 Bxg5 32. Bb4 Rd1 33.
Ke2 Rg1 34. Kf2 Rd1 35. Ke2 Rg1 36. Kf2 Rd1 37. Be1 Bd2 38. Bxd2 Rxd2+ 39. Kf3
e5 40. g3 Rh2 41. gxh4 Rxh3+ 42. Ke2 Rxh4 43. Ra5 Rh2+ 1/2-1/2

[Event "Gausdal Classics 2008 GM-B"]
[Site "Gausdal NOR"]
[Date "2008.04.11"]
[Round "4.10"]
[White "Akesson, Ralf"]
[Black "Afek, Yochanan"]
[Result "1-0"]
[WhiteElo "2466"]
[BlackElo "2333"]
[PlyCount "93"]
[EventDate "2008.04.08"]
[EventType "swiss"]
[EventRounds "9"]
[EventCountry "NOR"]
[Source "lmi"]
[SourceDate "2008.04.08"]

1. d4 Nf6 2. c4 c5 3. d5 e6 4. Nc3 exd5 5. cxd5 g6 6. e4 d6 7. f4 Bg7 8. Bb5+
Nfd7 9. a4 O-O 10. Nf3 Na6 11. O-O Nb4 12. Re1 a6 13. Bf1 Re8 14. h3 f5 15. Ng5
Bd4+ 16. Be3 Nf8 17. Qd2 Qf6 18. Nf3 Bxc3 19. bxc3 fxe4 20. cxb4 exf3 21. bxc5
dxc5 22. Bxc5 Bd7 23. Bd4 Qh4 24. Bb2 Bxh3 25. Qd4 f2+ 26. Qxf2 Qxf2+ 27. Kxf2
Bd7 28. a5 Bb5 29. Bxb5 axb5 30. Rxe8 Rxe8 31. Rc1 Rd8 32. Rc5 b4 33. Rb5 Nd7
34. Bd4 Nb8 35. Rxb7 Na6 36. Rb6 Nc7 37. Rxb4 Rxd5 38. Bb6 Na6 39. Rd4 Rf5 40.
g4 Rf6 41. Kf3 h6 42. Rd7 Rc6 43. Ke4 Re6+ 44. Kd5 Re2 45. Bd4 Ra2 46. Ke6 Re2+
47. Kf6 1-0

[Event "Gausdal Classics 2008 GM-B"]
[Site "Gausdal NOR"]
[Date "2008.04.11"]
[Round "4.11"]
[White "Womacka, Mathias"]
[Black "Westerinen, Heikki M.J"]
[Result "1-0"]
[WhiteElo "2445"]
[BlackElo "2357"]
[PlyCount "145"]
[EventDate "2008.04.08"]
[EventType "swiss"]
[EventRounds "9"]
[EventCountry "NOR"]
[Source "lmi"]
[SourceDate "2008.04.08"]

1. e4 e5 2. Nf3 Nc6 3. Bb5 d6 4. d4 Bg4 5. dxe5 dxe5 6. Qxd8+ Rxd8 7. Bxc6+
bxc6 8. Be3 f6 9. Nbd2 a6 10. O-O-O Bd6 11. Nb3 Be6 12. Nfd2 Ne7 13. c4 Bb4 14.
Bc5 Bxd2+ 15. Nxd2 Ng6 16. Be3 Kf7 17. b3 Rd6 18. Nb1 Nh4 19. Rhg1 h6 20. Bc5
Rxd1+ 21. Kxd1 g5 22. f3 g4 23. fxg4 Bxg4+ 24. Ke1 Rd8 25. Kf2 Rd3 26. Be3 h5
27. h3 Be6 28. Ke2 Rd8 29. Nc3 Rg8 30. Kf2 a5 31. Na4 f5 32. g3 Ng6 33. exf5
Bxf5 34. g4 hxg4 35. hxg4 Bc8 36. Bd2 e4 37. Bxa5 Ne5 38. Bxc7 Nxg4+ 39. Ke2
Rh8 40. Nc5 Rh3 41. Bg3 Nf6 42. a4 Rh5 43. b4 Bg4+ 44. Ke3 Bf3 45. a5 Ng4+ 46.
Kd4 e3 47. a6 e2 48. a7 Rh8 49. Re1 Rd8+ 50. Kc3 Ra8 51. Bb8 Ne3 52. Nd7 Ke6
53. Nb6 Rxa7 54. Bxa7 Ng2 55. Kd2 Nxe1 56. Kxe1 Ke5 57. Nd7+ Ke6 58. Nc5+ Ke5
59. Nd3+ Ke4 60. Kd2 Bh5 61. Bf2 Bf7 62. Kc3 Kf3 63. Be1 Ke3 64. Bd2+ Ke4 65.
Nc5+ Kf3 66. Kd4 Kf2 67. Nd3+ Kf1 68. Ne5 Be8 69. Kc5 e1=Q 70. Bxe1 Kxe1 71.
Nxc6 Kd2 72. b5 Bd7 73. b6 1-0

[Event "Gausdal Classics 2008 GM-B"]
[Site "Gausdal NOR"]
[Date "2008.04.11"]
[Round "4.13"]
[White "Royset, Paal"]
[Black "Hammer, Jon Ludvig"]
[Result "0-1"]
[WhiteElo "2204"]
[BlackElo "2457"]
[PlyCount "120"]
[EventDate "2008.04.08"]
[EventType "swiss"]
[EventRounds "9"]
[EventCountry "NOR"]
[Source "lmi"]
[SourceDate "2008.04.08"]

1. e4 e6 2. d4 d5 3. Nc3 Nf6 4. e5 Nfd7 5. f4 c5 6. Nf3 Nc6 7. Be3 cxd4 8. Nxd4
Bc5 9. Qd2 O-O 10. O-O-O a6 11. Kb1 Qc7 12. Nf3 b5 13. Bxc5 Nxc5 14. Bd3 b4 15.
Ne2 a5 16. Qe3 Nxd3 17. cxd3 b3 18. a3 Nb4 19. Rc1 Nc2 20. Qd2 Qa7 21. d4 Ba6
22. Ng3 f5 23. exf6 Rxf6 24. Nf1 Bxf1 25. Rhxf1 h6 26. h4 Qf7 27. Ne5 Qh5 28.
g4 Qxh4 29. a4 Raf8 30. Rf3 h5 31. Rxb3 Nb4 32. Nd7 Qxg4 33. Nxf6+ Rxf6 34. Rf1
h4 35. Rxb4 axb4 36. Qxb4 Qe2 37. Qb8+ Rf8 38. Qb5 Qe4+ 39. Ka2 h3 40. Qb3 Qxd4
41. Rh1 Rxf4 42. Qxh3 Qxa4+ 43. Kb1 Qe4+ 44. Ka2 Rf2 45. Rc1 Qa4+ 46. Kb1 Qe4+
47. Ka2 Qe5 48. Qa3 Rf8 49. Qa5 Rb8 50. Rc2 Qd4 51. Qa6 Qf6 52. Qa7 Rf8 53. Rd2
Qd8 54. Rg2 Rf7 55. Qa6 Qd7 56. Qa8+ Rf8 57. Qa6 d4 58. Rd2 Qd5+ 59. Kb1 Qe4+
60. Kc1 Ra8 0-1

[Event "Gausdal Classics 2008 GM-B"]
[Site "Gausdal NOR"]
[Date "2008.04.11"]
[Round "4.14"]
[White "Collins, Sam E"]
[Black "Soderberg, Per"]
[Result "1-0"]
[WhiteElo "2421"]
[BlackElo "2195"]
[PlyCount "79"]
[EventDate "2008.04.08"]
[EventType "swiss"]
[EventRounds "9"]
[EventCountry "NOR"]
[Source "lmi"]
[SourceDate "2008.04.08"]

1. e4 c5 2. c3 e5 3. Nf3 Nc6 4. Bc4 Qc7 5. O-O Nf6 6. d3 Be7 7. a4 O-O 8. Na3
a6 9. Bg5 d6 10. Nc2 Ne8 11. Bd2 Nf6 12. Ne3 Be6 13. Bd5 Rfe8 14. Ng5 Bf8 15.
Nxe6 fxe6 16. Ba2 Rad8 17. f4 exf4 18. Rxf4 Ne5 19. Be1 Ng6 20. Rf1 Qc6 21. Bg3
b5 22. axb5 axb5 23. Ng4 Nxg4 24. Qxg4 d5 25. Rae1 d4 26. cxd4 Rxd4 27. h4 c4
28. h5 Bc5 29. Kh1 Nf8 30. Be5 Rd7 31. dxc4 bxc4 32. Bxc4 Bb4 33. Rc1 Bd2 34.
Rc2 Bh6 35. b3 Qb6 36. Rcf2 Rde7 37. Bf6 Rd7 38. Bd4 Qb8 39. Rxf8+ Rxf8 40.
Qxe6+ 1-0

[Event "Gausdal Classics 2008 GM-B"]
[Site "Gausdal NOR"]
[Date "2008.04.11"]
[Round "4.16"]
[White "Kremenietsky, Anatoly M"]
[Black "Arvola, Benjamin"]
[Result "1-0"]
[WhiteElo "2354"]
[BlackElo "2084"]
[PlyCount "61"]
[EventDate "2008.04.08"]
[EventType "swiss"]
[EventRounds "9"]
[EventCountry "NOR"]
[Source "lmi"]
[SourceDate "2008.04.08"]

1. d4 d5 2. c4 c6 3. Nc3 Nf6 4. Nf3 dxc4 5. a4 Bf5 6. e3 e6 7. Bxc4 Bb4 8. O-O
Nbd7 9. Qe2 O-O 10. e4 Bg6 11. e5 Nd5 12. Nxd5 cxd5 13. Bd3 Bxd3 14. Qxd3 Re8
15. Ng5 Nf8 16. f4 h6 17. Nf3 Qb6 18. Be3 Rac8 19. g4 Qa6 20. Qd1 Rc7 21. f5
Rec8 22. Rf2 h5 23. h3 hxg4 24. hxg4 exf5 25. gxf5 g6 26. Rg2 Qc6 27. Bf4 Re7
28. Nh4 Ba5 29. Bh6 Rec7 30. Qg4 Bb6 31. a5 1-0

[Event "Gausdal Classics 2008 GM-B"]
[Site "Gausdal NOR"]
[Date "2008.04.11"]
[Round "4.17"]
[White "Kadziolka, Beata"]
[Black "Getz, Nicolai"]
[Result "1-0"]
[WhiteElo "2326"]
[BlackElo "2058"]
[PlyCount "57"]
[EventDate "2008.04.08"]
[EventType "swiss"]
[EventRounds "9"]
[EventCountry "NOR"]
[Source "lmi"]
[SourceDate "2008.04.08"]

1. e4 c5 2. Nf3 d6 3. d4 cxd4 4. Nxd4 Nf6 5. Nc3 a6 6. Bg5 e6 7. f4 Nbd7 8. Qf3
Qc7 9. g4 b5 10. Bxf6 gxf6 11. Bg2 Bb7 12. O-O-O Nb6 13. Rhe1 O-O-O 14. Kb1 d5
15. exd5 Nxd5 16. Nxd5 Bxd5 17. Qg3 Bc5 18. Nb3 Bb4 19. c3 Bxb3 20. axb3 Bd6
21. Qf3 Kd7 22. f5 e5 23. g5 Ke7 24. gxf6+ Kxf6 25. Qh5 Rdg8 26. Qh4+ Kg7 27.
f6+ Kf8 28. Rxe5 Bxe5 29. Qb4+ 1-0

[Event "Gausdal Classics 2008 GM-B"]
[Site "Gausdal NOR"]
[Date "2008.04.11"]
[Round "4.19"]
[White "Kovachev, Daniel Jakobsen"]
[Black "Grotnes, Nils Ragnar"]
[Result "0-1"]
[WhiteElo "2189"]
[BlackElo "2256"]
[PlyCount "80"]
[EventDate "2008.04.08"]
[EventType "swiss"]
[EventRounds "9"]
[EventCountry "NOR"]
[Source "lmi"]
[SourceDate "2008.04.08"]

1. e4 e5 2. Nf3 Nc6 3. Bb5 a6 4. Ba4 Nf6 5. O-O Be7 6. Re1 b5 7. Bb3 d6 8. c3
O-O 9. h3 Na5 10. Bc2 c5 11. d4 Qc7 12. Nbd2 Nc6 13. d5 Nd8 14. a4 Rb8 15. b4
Bd7 16. axb5 axb5 17. Nf1 Nb7 18. Be3 Ra8 19. Qe2 Rfc8 20. Bd3 c4 21. Bc2 Nd8
22. g4 Ne8 23. Ng3 g6 24. Kh2 f6 25. g5 Nf7 26. gxf6 Bxf6 27. Rac1 Ra2 28. Qd2
Qd8 29. Kg2 Bh4 30. Ne2 Ng7 31. Rf1 Nh5 32. Ng3 Ng7 33. Ne2 Rca8 34. Rh1 Nh5
35. Ng3 Bxg3 36. fxg3 Nf6 37. Ng5 Nxg5 38. Bxg5 Nxe4 39. Bxe4 Qxg5 40. Rc2
Qxd2+ 0-1

[Event "Gausdal Classics 2008 GM-B"]
[Site "Gausdal NOR"]
[Date "2008.04.11"]
[Round "4.23"]
[White "Obers, Frits"]
[Black "Groffen, Hans"]
[Result "0-1"]
[WhiteElo "2111"]
[BlackElo "2220"]
[PlyCount "44"]
[EventDate "2008.04.08"]
[EventType "swiss"]
[EventRounds "9"]
[EventCountry "NOR"]
[Source "lmi"]
[SourceDate "2008.04.08"]

1. c4 e5 2. g3 Nc6 3. Bg2 f5 4. Nc3 Nf6 5. d3 Bb4 6. Bd2 d6 7. e3 Bxc3 8. Bxc3
a5 9. Ne2 O-O 10. Qd2 Qe8 11. h3 Bd7 12. O-O-O Qf7 13. b3 Rfe8 14. f4 e4 15. d4
d5 16. c5 b5 17. cxb6 cxb6 18. a3 Na7 19. Kb1 Nb5 20. Qb2 Rec8 21. Bf1 Qh5 22.
Bg2 Qxe2 0-1

[Event "Gausdal Classics 2008 GM-B"]
[Site "Gausdal NOR"]
[Date "2008.04.11"]
[Round "4.24"]
[White "Mader, Manuela"]
[Black "Bentsen, Hakon"]
[Result "1/2-1/2"]
[WhiteElo "2161"]
[BlackElo "2180"]
[PlyCount "88"]
[EventDate "2008.04.08"]
[EventType "swiss"]
[EventRounds "9"]
[EventCountry "NOR"]
[Source "lmi"]
[SourceDate "2008.04.08"]

1. e4 e5 2. Nf3 Nc6 3. Bb5 a6 4. Bxc6 dxc6 5. O-O Bg4 6. h3 h5 7. d3 Qf6 8.
Nbd2 Ne7 9. Nc4 Bxf3 10. Qxf3 Qxf3 11. gxf3 Ng6 12. Be3 c5 13. Rfd1 Bd6 14. c3
f6 15. a3 Nh4 16. Nxd6+ cxd6 17. f4 Ng6 18. fxe5 fxe5 19. d4 cxd4 20. cxd4 O-O
21. dxe5 Nxe5 22. Rxd6 Rae8 23. Rd5 Nf3+ 24. Kh1 Rxe4 25. Rxh5 Ne5 26. Rg5 Nc4
27. Bc5 Rf7 28. b3 Nd2 29. Rg3 Re2 30. Be3 Ne4 31. Rg4 Nxf2+ 32. Bxf2 Rexf2 33.
Rg3 R7f3 34. Rag1 Rxg3 35. Rxg3 Rb2 36. Rc3 Kh7 37. b4 Ra2 38. Rb3 b5 39. Rc3
g6 40. Rd3 Kh6 41. Rg3 Kh5 42. Kg1 g5 43. Rd3 Kh4 44. Rc3 Kh5 1/2-1/2

[Event "Gausdal Classics 2008 GM-B"]
[Site "Gausdal NOR"]
[Date "2008.04.11"]
[Round "4.25"]
[White "Saevareid, Ove"]
[Black "Unander, Matts"]
[Result "0-1"]
[WhiteElo "2162"]
[BlackElo "2132"]
[PlyCount "80"]
[EventDate "2008.04.08"]
[EventType "swiss"]
[EventRounds "9"]
[EventCountry "NOR"]
[Source "lmi"]
[SourceDate "2008.04.08"]

1. c4 c5 2. g3 g6 3. Bg2 Bg7 4. Nc3 Nc6 5. d3 d6 6. Nf3 e6 7. O-O Nge7 8. Bg5
h6 9. Bd2 O-O 10. Rb1 b6 11. a3 Bb7 12. b4 Qd7 13. bxc5 dxc5 14. Qc1 Kh7 15.
Ne4 f5 16. Nc3 Rad8 17. Nb5 e5 18. Rd1 e4 19. Ne1 Nd4 20. Nxd4 cxd4 21. e3 exd3
22. Bxb7 Qxb7 23. Nxd3 Qe4 24. Bb4 Rfe8 25. c5 Nc6 26. cxb6 axb6 27. Be1 dxe3
28. Qxe3 Qg4 29. Qxb6 Nd4 30. Nf4 Nf3+ 31. Kh1 Rxd1 32. Rxd1 Rxe1+ 33. Rxe1
Nxe1 34. Kg1 Nf3+ 35. Kh1 Ne5 36. Qc7 Qf3+ 37. Kg1 Qxa3 38. Ne6 Qa1+ 39. Kg2
Qa8+ 40. Kg1 Nf3+ 0-1

[Event "Gausdal Classics 2008 GM-B"]
[Site "Gausdal NOR"]
[Date "2008.04.11"]
[Round "4.26"]
[White "Olsson, Lars"]
[Black "Lindberg, Bengt"]
[Result "0-1"]
[WhiteElo "2067"]
[BlackElo "2442"]
[PlyCount "74"]
[EventDate "2008.04.08"]
[EventType "swiss"]
[EventRounds "9"]
[EventCountry "NOR"]
[Source "lmi"]
[SourceDate "2008.04.08"]

1. c4 Nf6 2. Nc3 c5 3. g3 e6 4. Bg2 d5 5. cxd5 exd5 6. d3 d4 7. Ne4 Nxe4 8.
Bxe4 Nc6 9. Bg2 Be7 10. Nf3 O-O 11. O-O Be6 12. b3 Qd7 13. Re1 Rfd8 14. Ng5 Bd5
15. Bh3 Qd6 16. Ne4 Qg6 17. f3 f5 18. Nf2 Bd6 19. f4 Be7 20. Bg2 Bxg2 21. Kxg2
Nb4 22. Bd2 Nd5 23. Rc1 Bd6 24. Nh3 Re8 25. b4 cxb4 26. Ng5 Nc3 27. Bxc3 dxc3
28. Qb3+ Kf8 29. h4 h6 30. h5 Qxh5 31. Ne6+ Kg8 32. Ng5+ Kh8 33. Nf7+ Kh7 34.
Ng5+ hxg5 35. e4 gxf4 36. Qd5 f3+ 37. Kf2 Qh2+ 0-1

[Event "Gausdal Classics 2008 GM-B"]
[Site "Gausdal NOR"]
[Date "2008.04.11"]
[Round "4.27"]
[White "Ofstad, Per"]
[Black "Bentsen, Oyvind"]
[Result "0-1"]
[WhiteElo "2155"]
[BlackElo "2115"]
[PlyCount "40"]
[EventDate "2008.04.08"]
[EventType "swiss"]
[EventRounds "9"]
[EventCountry "NOR"]
[Source "lmi"]
[SourceDate "2008.04.08"]

1. e4 e5 2. Nf3 Nc6 3. Bb5 Nf6 4. O-O Nxe4 5. d4 Nd6 6. Bxc6 dxc6 7. Nxe5 Be7
8. Re1 O-O 9. Bf4 Nf5 10. c3 Be6 11. h3 c5 12. g4 Nh4 13. dxc5 f6 14. Nc6 bxc6
15. Qxd8 Nf3+ 16. Kh1 Raxd8 17. Rxe6 Rd1+ 18. Kg2 Ne1+ 19. Kf1 Nd3+ 20. Ke2
Nxf4+ 0-1

[Event "Gausdal Classics 2008 GM-B"]
[Site "Gausdal NOR"]
[Date "2008.04.11"]
[Round "4.28"]
[White "Tofte, Sondre Waage"]
[Black "Tjolsen, Katrine"]
[Result "0-1"]
[WhiteElo "2131"]
[BlackElo "2066"]
[PlyCount "36"]
[EventDate "2008.04.08"]
[EventType "swiss"]
[EventRounds "9"]
[EventCountry "NOR"]
[Source "lmi"]
[SourceDate "2008.04.08"]

1. e4 c5 2. Nf3 Nc6 3. d4 cxd4 4. Nxd4 g6 5. Nc3 Bg7 6. Be3 Nf6 7. Bc4 O-O 8.
f3 Qb6 9. O-O Ng4 10. Nd5 Nxe3 11. Nxb6 Nxd1 12. Nxc6 bxc6 13. Nxa8 Ne3 14. Bd3
Nxf1 15. Nc7 Ne3 16. c3 f5 17. Re1 fxe4 18. Bxe4 Nc4 0-1

[Event "Gausdal Classics 2008 GM-B"]
[Site "Gausdal NOR"]
[Date "2008.04.12"]
[Round "5.1"]
[White "Prasad, Arun"]
[Black "Sundararajan, Kidambi"]
[Result "1/2-1/2"]
[WhiteElo "2465"]
[BlackElo "2441"]
[PlyCount "48"]
[EventDate "2008.04.08"]
[EventType "swiss"]
[EventRounds "9"]
[EventCountry "NOR"]
[Source "lmi"]
[SourceDate "2008.04.08"]

1. e4 e5 2. Nf3 Nf6 3. Nxe5 d6 4. Nf3 Nxe4 5. d4 d5 6. Bd3 Nc6 7. O-O Be7 8. c4
Nb4 9. Be2 O-O 10. Nc3 Bf5 11. a3 Nxc3 12. bxc3 Nc6 13. Bf4 Na5 14. cxd5 Qxd5
15. Re1 Bf6 16. Ne5 Qb3 17. Qd2 Bxe5 18. Bxe5 Nc4 19. Qf4 Nxe5 20. Qxf5 Ng6 21.
Qc5 Qb6 22. Qc4 Qd6 23. Bf3 c6 24. g3 Rfe8 1/2-1/2

[Event "Gausdal Classics 2008 GM-B"]
[Site "Gausdal NOR"]
[Date "2008.04.12"]
[Round "5.2"]
[White "Leniart, Arkadiusz"]
[Black "Akesson, Ralf"]
[Result "1/2-1/2"]
[WhiteElo "2324"]
[BlackElo "2466"]
[PlyCount "48"]
[EventDate "2008.04.08"]
[EventType "swiss"]
[EventRounds "9"]
[EventCountry "NOR"]
[Source "lmi"]
[SourceDate "2008.04.08"]

1. d4 Nf6 2. c4 e6 3. Nc3 Bb4 4. Qc2 O-O 5. a3 Bxc3+ 6. Qxc3 b6 7. Bg5 Bb7 8.
f3 h6 9. Bh4 d5 10. e3 Nbd7 11. cxd5 Nxd5 12. Bxd8 Nxc3 13. Bxc7 Nd5 14. Bd6
Nxe3 15. Kf2 Nc2 16. Rd1 Rfc8 17. Bb5 Nf6 18. Ne2 a6 19. Bd3 Nd5 20. Rc1 Nce3
21. Bf4 Nxf4 22. Nxf4 Nd5 23. Nxd5 Bxd5 24. Be4 Kf8 1/2-1/2

[Event "Gausdal Classics 2008 GM-B"]
[Site "Gausdal NOR"]
[Date "2008.04.12"]
[Round "5.3"]
[White "Levin, Felix"]
[Black "Lie, Espen"]
[Result "1/2-1/2"]
[WhiteElo "2546"]
[BlackElo "2440"]
[PlyCount "111"]
[EventDate "2008.04.08"]
[EventType "swiss"]
[EventRounds "9"]
[EventCountry "NOR"]
[Source "lmi"]
[SourceDate "2008.04.08"]

1. d4 Nf6 2. c4 c5 3. e3 e6 4. Nf3 d5 5. cxd5 exd5 6. Bb5+ Bd7 7. Bxd7+ Qxd7 8.
dxc5 Bxc5 9. Nc3 Nc6 10. O-O O-O 11. b3 Rfd8 12. Bb2 Qe7 13. Nb5 Rac8 14. Rc1
Ne4 15. Nbd4 f6 16. Nxc6 bxc6 17. Nd4 Bxd4 18. Qxd4 c5 19. Qa4 Qf7 20. Rfd1 h5
21. Qa5 h4 22. f3 Ng5 23. h3 Qg6 24. Kh1 Qf5 25. Qd2 d4 26. e4 Qe6 27. Rc4 Nxf3
28. gxf3 Qxh3+ 29. Kg1 Qxf3 30. Qd3 Qg4+ 31. Kh1 Re8 32. Re1 Re5 33. Rc2 Rce8
34. Rg2 Qe6 35. b4 cxb4 36. Bxd4 Rxe4 37. Rxe4 Qxe4 38. Qxe4 Rxe4 39. Bxf6 Kf7
40. Bxg7 h3 41. Rg5 Re2 42. Bd4 Rxa2 43. Rb5 a5 44. Bb6 a4 45. Rxb4 Ke6 46. Bd4
Kd5 47. Bh8 Kc5 48. Rh4 h2 49. Bg7 Kb5 50. Bf8 Rb2 51. Rh3 Rf2 52. Ba3 Ra2 53.
Bd6 Rd2 54. Bxh2 Rxh2+ 55. Kxh2 Kb4 56. Kg2 1/2-1/2

[Event "Gausdal Classics 2008 GM-B"]
[Site "Gausdal NOR"]
[Date "2008.04.12"]
[Round "5.5"]
[White "Hirneise, Tobias"]
[Black "Berelovich, Aleksandar"]
[Result "1/2-1/2"]
[WhiteElo "2382"]
[BlackElo "2595"]
[PlyCount "86"]
[EventDate "2008.04.08"]
[EventType "swiss"]
[EventRounds "9"]
[EventCountry "NOR"]
[Source "lmi"]
[SourceDate "2008.04.08"]

1. e4 e6 2. d4 d5 3. Nc3 Bb4 4. e5 c5 5. a3 Ba5 6. b4 cxd4 7. Nb5 Bc7 8. f4 Ne7
9. Nf3 Bd7 10. Nxc7+ Qxc7 11. Bd3 Ba4 12. O-O a6 13. Bb2 Nbc6 14. Qd2 Qb6 15.
Qf2 Bb5 16. Bxd4 Nxd4 17. Nxd4 Bxd3 18. cxd3 Rc8 19. Kh1 Qc7 20. f5 Nxf5 21.
Nxf5 exf5 22. Qxf5 O-O 23. e6 Qe7 24. Qxd5 fxe6 25. Qe5 Rxf1+ 26. Rxf1 Qf6 27.
Qe1 Qg6 28. Qd2 h6 29. h3 Qg5 30. Qf2 Rc1 31. Qf7+ Kh7 32. a4 Rxf1+ 33. Qxf1
Qd2 34. Qb1 Qc3 35. b5 Qd4 36. Qb3 Qd5 37. Qc4 axb5 38. axb5 h5 39. b6 Kg6 40.
Qc7 Kf6 41. Qf4+ Kg6 42. Qg3+ Kh7 43. Qc7 Kg6 1/2-1/2

[Event "Gausdal Classics 2008 GM-B"]
[Site "Gausdal NOR"]
[Date "2008.04.12"]
[Round "5.7"]
[White "Collins, Sam E"]
[Black "Saltaev, Mihail"]
[Result "1/2-1/2"]
[WhiteElo "2421"]
[BlackElo "2380"]
[PlyCount "47"]
[EventDate "2008.04.08"]
[EventType "swiss"]
[EventRounds "9"]
[EventCountry "NOR"]
[Source "lmi"]
[SourceDate "2008.04.08"]

1. d4 d5 2. c4 c6 3. Nf3 Nf6 4. Nc3 a6 5. e3 e6 6. b3 Bb4 7. Bd2 Nbd7 8. Bd3
O-O 9. O-O Bd6 10. Qc2 h6 11. e4 dxc4 12. bxc4 e5 13. c5 Bc7 14. Na4 exd4 15.
Rfe1 Re8 16. Rab1 Ng4 17. h3 Nge5 18. Nxe5 Nxe5 19. f4 Nxd3 20. Qxd3 Qh4 21.
Rf1 Qe7 22. Rfe1 Qh4 23. Rf1 Qe7 24. Rfe1 1/2-1/2

[Event "Gausdal Classics 2008 GM-B"]
[Site "Gausdal NOR"]
[Date "2008.04.12"]
[Round "5.8"]
[White "Flumbort, Andras"]
[Black "Vidonyak, Roman"]
[Result "0-1"]
[WhiteElo "2499"]
[BlackElo "2400"]
[PlyCount "102"]
[EventDate "2008.04.08"]
[EventType "swiss"]
[EventRounds "9"]
[EventCountry "NOR"]
[Source "lmi"]
[SourceDate "2008.04.08"]

1. d4 Nf6 2. c4 g6 3. Nc3 Bg7 4. e4 O-O 5. Nf3 d6 6. Be2 Bg4 7. Be3 Nfd7 8. Rc1
a6 9. d5 Bxf3 10. Bxf3 a5 11. h4 Na6 12. h5 Nac5 13. hxg6 hxg6 14. Qd2 Re8 15.
Bg5 c6 16. Be2 Qb6 17. Bh6 Bf6 18. Be3 Kg7 19. Bh6+ Kg8 20. Bg5 Bg7 21. Be3 a4
22. Rd1 Qa5 23. Bd4 Nf6 24. f3 Ncd7 25. Rc1 e6 26. g4 c5 27. Be3 exd5 28. cxd5
a3 29. bxa3 c4 30. a4 Nh7 31. O-O Qd8 32. Rb1 Ne5 33. Kg2 f5 34. Rxb7 Re7 35.
Rxe7 Qxe7 36. g5 Re8 37. exf5 Nd3 38. Nd1 gxf5 39. Bxd3 cxd3 40. Qxd3 Nxg5 41.
Qxf5 Nf7 42. a5 Qb7 43. Rh1 Qb5 44. Bb6 Re5 45. Qc8+ Re8 46. Qg4 Qxd5 47. Nf2
Ne5 48. Qe4 Qf7 49. Qh7+ Kf8 50. Qh5 Ng6 51. Kf1 Qc4+ 0-1

[Event "Gausdal Classics 2008 GM-B"]
[Site "Gausdal NOR"]
[Date "2008.04.12"]
[Round "5.9"]
[White "Bromberger, Stefan"]
[Black "Kremenietsky, Anatoly M"]
[Result "1-0"]
[WhiteElo "2487"]
[BlackElo "2354"]
[PlyCount "47"]
[EventDate "2008.04.08"]
[EventType "swiss"]
[EventRounds "9"]
[EventCountry "NOR"]
[Source "lmi"]
[SourceDate "2008.04.08"]

1. e4 Nf6 2. e5 Nd5 3. d4 d6 4. c4 Nb6 5. f4 dxe5 6. fxe5 Nc6 7. Be3 Bf5 8. Nc3
e6 9. Nf3 Bb4 10. Be2 Qd7 11. O-O Na5 12. c5 Nbc4 13. Bc1 Bxc3 14. bxc3 b6 15.
Nh4 Be4 16. Rf4 Bd5 17. Rg4 f5 18. exf6 gxf6 19. Rf4 Ke7 20. Rxf6 Kxf6 21. Qf1+
Kg7 22. Bh6+ Kg8 23. Qf6 Be4 24. Rf1 1-0